Manual práctico de derechos humanos y derecho constitucional /

Guardado en:
Autor Principal: Richarte, Darío.
Otros Autores: Ossietinsky, Paula., Vázquez, Paula.
Formato: Libro
Idioma:Spanish
Publicado: Buenos Aires : Eudeba, 2010.
Edición:1a. ed.
Series:Derecho
Materias:
Etiquetas: Agregar Etiqueta
Sin Etiquetas, Sea el primero en etiquetar este registro!
LEADER 00608nam a22001935a 4500
001 DER.der014442
008 191112s2010####ag############000#0#spa#d
005 20250606104516.0
245 1 0 |a Manual práctico de derechos humanos y derecho constitucional /  |c Darío Richarte, Paula Ossietinsky y Paula Vázquez. 
250 |a 1a. ed. 
260 |a Buenos Aires :  |b Eudeba,  |c 2010. 
300 |a 237 p. 
490 0 |a Derecho 
020 |a 9789502317472 
100 1 |a Richarte, Darío. 
700 1 |a Ossietinsky, Paula. 
700 1 |a Vázquez, Paula. 
650 7 |a DERECHOS HUMANOS 
859 |a DERECHO  |b BIB. DERECHO  |h 323  |i RIC  |p 009720